|
|
|
|
| LEADER |
02414nam a2200433 a 4500 |
| 001 |
EBC3318593 |
| 003 |
MiAaPQ |
| 005 |
20200520144314.0 |
| 006 |
m o d | |
| 007 |
cr cn||||||||| |
| 008 |
110526s2012 mdu sb 001 0 eng d |
| 010 |
|
|
|z 2011019911
|
| 020 |
|
|
|z 9781421403588 (hardcover : alk. paper)
|
| 020 |
|
|
|z 1421403587 (hardcover : alk. paper)
|
| 020 |
|
|
|a 9781421404318 (electronic bk.)
|
| 035 |
|
|
|a (MiAaPQ)EBC3318593
|
| 035 |
|
|
|a (Au-PeEL)EBL3318593
|
| 035 |
|
|
|a (CaPaEBR)ebr10611251
|
| 035 |
|
|
|a (OCoLC)823655159
|
| 040 |
|
|
|a MiAaPQ
|c MiAaPQ
|d MiAaPQ
|
| 043 |
|
|
|a n-us---
|
| 050 |
|
4 |
|a HF5549.5.A34
|b D427 2012
|
| 082 |
0 |
4 |
|a 323.173
|2 23
|
| 100 |
1 |
|
|a Deslippe, Dennis.
|
| 245 |
1 |
0 |
|a Protesting affirmative action
|h [electronic resource] :
|b the struggle over equality after the civil rights revolution /
|c Dennis Deslippe.
|
| 260 |
|
|
|a Baltimore, Md. :
|b Johns Hopkins University Press,
|c 2012.
|
| 300 |
|
|
|a xii, 282 p.
|
| 440 |
|
0 |
|a Reconfiguring American political history
|
| 504 |
|
|
|a Includes bibliographical references and index.
|
| 505 |
0 |
|
|a "The best affirmative action program is creating jobs for everyone" : organized labor responds to affirmative action, 1960-74 -- "This strange madness" : the origins of opposition to higher education : affirmative action, 1968-72 -- "The issue is getting hotter" : the struggle over higher education -- Affirmative action policy in the early 1970s -- "Treat him as a decent American!" : DeFunis v. Odegaard (1974) and -- Color-blindness in the courtroom -- "Do whites have rights?" : white Detroit policemen and "reverse discrimination" protests in the mid-late 1970s -- "The fight for true non-discrimination" : politics and anti-affirmative action before Bakke -- Conclusion.
|
| 533 |
|
|
|a Electronic reproduction. Ann Arbor, MI : ProQuest, 2015. Available via World Wide Web. Access may be limited to ProQuest affiliated libraries.
|
| 650 |
|
0 |
|a Affirmative action programs
|z United States
|x History.
|
| 650 |
|
0 |
|a Equality
|z United States
|x History.
|
| 650 |
|
0 |
|a Race discrimination
|z United States
|x History.
|
| 650 |
|
0 |
|a Affirmative action programs
|x Law and legislation
|z United States.
|
| 651 |
|
0 |
|a United States
|x Race relations
|x History.
|
| 655 |
|
4 |
|a Electronic books.
|
| 710 |
2 |
|
|a ProQuest (Firm)
|
| 856 |
4 |
0 |
|u https://ebookcentral.proquest.com/lib/matrademy/detail.action?docID=3318593
|z Click to View
|